[Event "España tch División de Honor "]
[Site "Calvia ESP"]
[Date "2007.10.20"]
[Round "1.13"]
[White "Bauer, Christian"]
[Black "Timofeev, Artiom"]
[Result "0-1"]
[WhiteElo "2634"]
[BlackElo "2145"]
[PlyCount "132"]
[EventDate "2007.10.20"]
[EventType "team"]
[EventRounds "2"]
[EventCountry "ESP"]
[Source "lmi"]
[SourceDate "2007.10.21"]

1. d4 d5 2. c4 e6 3. Nc3 Be7 4. Nf3 Nf6 5. g3 O-O 6. Bg2 Nbd7 7. Qd3 c6 8. O-O
a6 9. Bf4 Nh5 10. Be3 f5 11. Rad1 b5 12. c5 Bf6 13. Bf4 Nxf4 14. gxf4 a5 15. a3
b4 16. Na2 bxa3 17. Qxa3 Ba6 18. Qe3 Re8 19. Rd2 Rb8 20. Ra1 h6 21. Qc3 Bc4 22.
Ne5 Nxe5 23. dxe5 Be7 24. b4 Bxa2 25. Rdxa2 axb4 26. Qd4 Rb5 27. Rc1 b3 28. Rb2
Qa5 29. Qd3 Reb8 30. Qg3 Kh7 31. Kh1 Rxc5 32. Rg1 Qc3 33. Bf3 Bf8 34. Qg6+ Kh8
35. Rbb1 Qd2 36. Qxe6 b2 37. Qxf5 Rc4 38. Qg6 Qxf4 39. e6 Qf6 40. Qg3 Ra8 41.
Bh5 Re4 42. Qc7 Ra1 43. Qb8 Rb4 44. Qe8 Rxb1 45. Rxb1 Kh7 46. f3 g6 47. e7 Qxe7
48. Qxg6+ Kh8 49. Bg4 Qh7 50. Qf6+ Bg7 51. Qd8+ Qg8 52. Qd6 Rxg4 53. fxg4 Qe8
54. Kg1 Qe4 55. Rxb2 Qd4+ 56. e3 Qxb2 57. Qxc6 Qb1+ 58. Kf2 Qe4 59. h3 Kh7 60.
Qd7 Kg6 61. Ke2 Bf6 62. Qd6 Qe5 63. Qd7 Kg5 64. Qf7 Kh4 65. Qg6 Bg5 66. Qd3 Qe4
0-1

[Event "España tch División de Honor "]
[Site "Calvia ESP"]
[Date "2007.10.20"]
[Round "1.15"]
[White "Andres Gonzalez, Alberto"]
[Black "Khamrakulov, Ibragim S"]
[Result "0-1"]
[WhiteElo "2435"]
[BlackElo "2604"]
[PlyCount "66"]
[EventDate "2007.10.20"]
[EventType "team"]
[EventRounds "2"]
[EventCountry "ESP"]
[Source "lmi"]
[SourceDate "2007.10.21"]

1. e4 c6 2. d4 d5 3. Nd2 dxe4 4. Nxe4 Nd7 5. Nf3 Ngf6 6. Nxf6+ Nxf6 7. Bc4 Bf5
8. O-O e6 9. Ne5 Be7 10. c3 O-O 11. Qe2 c5 12. dxc5 Bxc5 13. Bg5 Qc7 14. Bxf6
gxf6 15. Ng4 Kg7 16. Bd3 Bxd3 17. Qxd3 Rfd8 18. Qe2 Rd7 19. Rad1 Rad8 20. g3 h5
21. Rxd7 Qxd7 22. Ne3 Qd2 23. Qxh5 Bxe3 24. fxe3 Qxe3+ 25. Rf2 f5 26. Kg2 Qe4+
27. Qf3 Rd3 28. Qxe4 fxe4 29. g4 Kg6 30. g5 e3 31. Rf6+ Kxg5 32. Rxf7 Rd2+ 33.
Kg3 Rd1 0-1

[Event "España tch División de Honor "]
[Site "Calvia ESP"]
[Date "2007.10.20"]
[Round "1.16"]
[White "Llanes Hurtado, Miguel"]
[Black "Argandoña Rivero, Iñigo"]
[Result "1/2-1/2"]
[WhiteElo "2459"]
[BlackElo "2397"]
[PlyCount "53"]
[EventDate "2007.10.20"]
[EventType "team"]
[EventRounds "2"]
[EventCountry "ESP"]
[Source "lmi"]
[SourceDate "2007.10.21"]

1. d4 f5 2. g3 Nf6 3. Bg2 g6 4. Nf3 Bg7 5. O-O O-O 6. Nbd2 d6 7. Re1 Nc6 8. e4
fxe4 9. Nxe4 Nxe4 10. Rxe4 Bf5 11. Re3 e5 12. d5 Nd4 13. Ne1 Bh6 14. c3 Bxe3
15. Bxe3 c5 16. cxd4 exd4 17. Bh6 Re8 18. Nf3 Be4 19. Nd2 Bxg2 20. Kxg2 Qf6 21.
Qf3 Qxf3+ 22. Kxf3 Re5 23. Ne4 Kh8 24. Ng5 Kg8 25. Ne4 Kh8 26. Ng5 Kg8 27. Ne4
1/2-1/2

[Event "España tch División de Honor "]
[Site "Calvia ESP"]
[Date "2007.10.20"]
[Round "1.21"]
[White "Shirov, Alexei"]
[Black "Ivanchuk, Vassily"]
[Result "1/2-1/2"]
[WhiteElo "2739"]
[BlackElo "2787"]
[PlyCount "86"]
[EventDate "2007.10.20"]
[EventType "team"]
[EventRounds "2"]
[EventCountry "ESP"]
[Source "lmi"]
[SourceDate "2007.10.21"]

1. e4 e5 2. Nf3 Nc6 3. Bb5 a6 4. Ba4 Nf6 5. O-O Be7 6. Re1 b5 7. Bb3 O-O 8. h3
Bb7 9. d3 d6 10. a3 Qd7 11. Nc3 Rae8 12. Be3 Bd8 13. Ne2 Ne7 14. Ng3 c5 15. c3
Ng6 16. Bc2 Bb6 17. d4 Qd8 18. dxe5 Nxe5 19. Nxe5 Rxe5 20. Bf4 Re6 21. Nf5 Bxe4
22. Bxe4 Nxe4 23. Qg4 g6 24. Bh6 Nf6 25. Qf3 Rfe8 26. Rxe6 Rxe6 27. Ne3 d5 28.
Rd1 d4 29. cxd4 cxd4 30. Nc2 Ne4 31. Be3 Rd6 32. Bf4 Re6 33. Be3 d3 34. Bxb6
Qxb6 35. Rxd3 Qc5 36. Nd4 Re8 37. b4 Qc1+ 38. Rd1 Qb2 39. Qe3 h5 40. f3 Nd6 41.
Qc1 Nc4 42. Qxb2 Nxb2 43. Rd2 Nc4 1/2-1/2

[Event "España tch División de Honor "]
[Site "Calvia ESP"]
[Date "2007.10.20"]
[Round "1.23"]
[White "Rublevsky, Sergei"]
[Black "Bacrot, Etienne"]
[Result "1-0"]
[WhiteElo "2676"]
[BlackElo "2695"]
[PlyCount "85"]
[EventDate "2007.10.20"]
[EventType "team"]
[EventRounds "2"]
[EventCountry "ESP"]
[Source "lmi"]
[SourceDate "2007.10.21"]

1. e4 e5 2. Bc4 Nc6 3. Nc3 Nf6 4. d3 Na5 5. Nge2 Be7 6. O-O O-O 7. Ng3 d6 8.
Qe2 c6 9. a4 Nxc4 10. dxc4 Re8 11. Rd1 Qc7 12. b3 Be6 13. Ba3 a6 14. h3 Rad8
15. Rd3 d5 16. Bxe7 Rxe7 17. exd5 cxd5 18. cxd5 Nxd5 19. Nxd5 Rxd5 20. Rad1
Red7 21. c4 Rxd3 22. Rxd3 f5 23. Rxd7 Bxd7 24. Qd3 g6 25. Nf1 Bc6 26. Ne3 Qd7
27. Qc3 Qd4 28. Qa5 Qd6 29. b4 Kf7 30. b5 axb5 31. cxb5 Be4 32. Qc3 Bd3 33. a5
Kf6 34. Qb3 Kg7 35. Qb2 Qc5 36. a6 bxa6 37. b6 Bb5 38. Nc4 Qxc4 39. Qxe5+ Kh6
40. b7 Qf1+ 41. Kh2 Bc6 42. Qe3+ Kh5 43. f3 1-0

[Event "España tch División de Honor "]
[Site "Calvia ESP"]
[Date "2007.10.20"]
[Round "1.26"]
[White "Rodriguez Guerrero, Enrique"]
[Black "Perez Candelario, Manuel"]
[Result "0-1"]
[WhiteElo "2440"]
[BlackElo "2525"]
[PlyCount "78"]
[EventDate "2007.10.20"]
[EventType "team"]
[EventRounds "2"]
[EventCountry "ESP"]
[Source "lmi"]
[SourceDate "2007.10.21"]

1. e4 c5 2. Nf3 d6 3. d4 cxd4 4. Nxd4 Nf6 5. Nc3 a6 6. Be2 e5 7. Nb3 Be7 8. Be3
Be6 9. Nd5 Nbd7 10. Qd3 Bxd5 11. exd5 Rc8 12. c4 O-O 13. O-O a5 14. Rfd1 b6 15.
Rac1 Re8 16. Rc3 g6 17. Qc2 Bf8 18. Nd2 Bg7 19. a3 h5 20. h3 Nh7 21. Rb3 f5 22.
f3 Bf6 23. Kh1 Bg5 24. Bg1 Nhf6 25. Rb5 h4 26. Bf1 Nh5 27. Bf2 Bf4 28. Be2 Ng3+
29. Bxg3 Bxg3 30. b4 axb4 31. axb4 Qg5 32. Nf1 e4 33. Ra1 exf3 34. Bxf3 Be5 35.
Ra7 Nf6 36. c5 Bd4 37. Rxb6 Re1 38. Qd3 Qe3 39. Qxe3 Rxf1+ 0-1

[Event "España tch División de Honor "]
[Site "Calvia ESP"]
[Date "2007.10.21"]
[Round "2.13"]
[White "Timofeev, Artiom"]
[Black "Rublevsky, Sergei"]
[Result "1/2-1/2"]
[WhiteElo "2145"]
[BlackElo "2676"]
[PlyCount "21"]
[EventDate "2007.10.20"]
[EventType "team"]
[EventRounds "2"]
[EventCountry "ESP"]
[Source "lmi"]
[SourceDate "2007.10.21"]

1. e4 c5 2. Nf3 e6 3. d4 cxd4 4. Nxd4 a6 5. Bd3 Bc5 6. Nb3 Ba7 7. Qe2 Nc6 8.
Be3 d6 9. O-O Nf6 10. Bxa7 Rxa7 11. N1d2 1/2-1/2

[Event "España tch División de Honor "]
[Site "Calvia ESP"]
[Date "2007.10.21"]
[Round "2.16"]
[White "Perez Candelario, Manuel"]
[Black "Llanes Hurtado, Miguel"]
[Result "1/2-1/2"]
[WhiteElo "2525"]
[BlackElo "2459"]
[PlyCount "44"]
[EventDate "2007.10.20"]
[EventType "team"]
[EventRounds "2"]
[EventCountry "ESP"]
[Source "lmi"]
[SourceDate "2007.10.21"]

1. e4 e5 2. Nf3 Nf6 3. d4 Nxe4 4. Bd3 d5 5. Nxe5 Nd7 6. Nxd7 Bxd7 7. O-O Bd6 8.
Nc3 Qh4 9. g3 Nxc3 10. bxc3 Qh3 11. Re1+ Be6 12. Rb1 O-O-O 13. Bg5 f6 14. Bd2
c6 15. Qe2 Bg4 16. f3 Rhe8 17. Qg2 Qxg2+ 18. Kxg2 Bh5 19. Bxh7 g6 20. Bf4 Bxf4
21. gxf4 Rxe1 22. Rxe1 Kd7 1/2-1/2

[Event "España tch División de Honor "]
[Site "Calvia ESP"]
[Date "2007.10.21"]
[Round "2.24"]
[White "Cifuentes Parada, Roberto"]
[Black "Jobava, Baadur"]
[Result "1/2-1/2"]
[WhiteElo "2499"]
[BlackElo "2644"]
[PlyCount "111"]
[EventDate "2007.10.20"]
[EventType "team"]
[EventRounds "2"]
[EventCountry "ESP"]
[Source "lmi"]
[SourceDate "2007.10.21"]

1. d4 d5 2. c4 e6 3. Nf3 Nf6 4. Nc3 Bb4 5. Bg5 c5 6. cxd5 exd5 7. dxc5 Nbd7 8.
Qc2 h6 9. Bd2 Bxc5 10. e3 O-O 11. Be2 a6 12. O-O b5 13. a4 b4 14. Na2 a5 15.
Nc1 Bd6 16. Nb3 Ne5 17. Nbd4 Ne4 18. Nb5 Bg4 19. Nfd4 Bxe2 20. Nxe2 Rc8 21. Qd1
Bb8 22. Be1 Qd7 23. Ned4 Ng4 24. g3 Ng5 25. Qe2 Rfe8 26. Rd1 h5 27. Nf3 Nxf3+
28. Qxf3 Nf6 29. Qe2 h4 30. b3 Qh3 31. Qf3 hxg3 32. hxg3 Re5 33. Rd4 Ne4 34.
Qg2 Qxg2+ 35. Kxg2 Nc5 36. Rh4 g5 37. Rh5 Nxb3 38. Rfh1 Kg7 39. Nd4 Nxd4 40.
exd4 Rf5 41. g4 Rf4 42. Rxg5+ Kf6 43. Rxd5 Rxg4+ 44. Kf3 Rf4+ 45. Ke3 Re8+ 46.
Kd3 Bc7 47. Rc5 Bd8 48. Rc6+ Ke7 49. Rhh6 Rg8 50. Ra6 Bc7 51. Rhc6 Kd7 52. Rc5
Rc8 53. Ra7 Kd8 54. Rd5+ Ke8 55. Rc5 Kd8 56. Rd5+ 1/2-1/2

[Event "España tch División de Honor "]
[Site "Calvia ESP"]
[Date "2007.10.21"]
[Round "2.25"]
[White "Tiviakov, Sergei"]
[Black "Andres Gonzalez, Alberto"]
[Result "1-0"]
[WhiteElo "2643"]
[BlackElo "2435"]
[PlyCount "37"]
[EventDate "2007.10.20"]
[EventType "team"]
[EventRounds "2"]
[EventCountry "ESP"]
[Source "lmi"]
[SourceDate "2007.10.21"]

1. e4 c5 2. c3 d5 3. exd5 Qxd5 4. d4 Nf6 5. Nf3 Nc6 6. dxc5 Qxc5 7. Na3 Bg4 8.
Nb5 Rc8 9. Be3 Bxf3 10. Qxf3 Qe5 11. O-O-O a6 12. Na7 Qb8 13. Nxc8 Qxc8 14. h4
g6 15. h5 gxh5 16. Bg5 Bg7 17. Bxf6 Bxf6 18. Rxh5 Qe6 19. Qd5 1-0

[Event "España tch División de Honor "]
[Site "Calvia ESP"]
[Date "2007.10.21"]
[Round "2.26"]
[White "Argandoña Rivero, Iñigo"]
[Black "Rodriguez Guerrero, Enrique"]
[Result "1/2-1/2"]
[WhiteElo "2397"]
[BlackElo "2440"]
[PlyCount "23"]
[EventDate "2007.10.20"]
[EventType "team"]
[EventRounds "2"]
[EventCountry "ESP"]
[Source "lmi"]
[SourceDate "2007.10.21"]

1. d4 Nf6 2. c4 c5 3. d5 b5 4. Nd2 bxc4 5. e4 c3 6. bxc3 d6 7. Bb5+ Bd7 8.
Bxd7+ Nbxd7 9. c4 g6 10. Bb2 Bg7 11. Qc2 O-O 12. Ngf3 1/2-1/2